000 00673nam a2200205Ia 4500
005 20250224132056.0
008 210716s2013 xx 000 0 und d
020 _a9780749469665
040 _cAIMIT LIBRARY
041 _aeng
082 _a658.406
_21
_bMCDK
100 _aMcdonald, Kim Chandler.
_9202198
245 _aInnovation:
_bhow innovators think act and change our world /
_cBy Kim Chandler Mcdonald.
250 _a1st ed.
260 _aNew Delhi :
_bKogan Page ;
_c2013.
300 _a250p. ;
_bPB
_c23 cm.
650 _aFlat world navigators connecting the dots
_9202199
650 _aInnovating educating
_9202200
942 _2ddc
_cBK
_e1st ed.
_k658.406 MCDK
999 _c208342
_d208342